000 00255nam a2200097Ia 4500
001 696452
005 20250826162013.0
008 250824s9999 xx 000 0 und d
245 0 _aMilli Savaş Hikayeleri
_cYakup Kadri Karaosmanoğlu
260 _bİLETİŞİM
999 _c696452
_d696452